000 00711nam a2200265Ia 4500
005 20250425162207.0
008 250425s9999 xx 000 0 und d
020 _a8428316481
041 _aspa
082 _a629.804
100 _aROLDÁN VILORIA, JOSÉ
245 0 _aNEUMATICA, HIDRAULICA Y ELECTRICIDAD APLICADA: FISICA APLICADA, OTROS FLUIDOS
250 _a10A ED.
260 _aEspaña
_bPARANINFO
_c2002
260 _aMADRID
300 _a241
500 _aEN CIBGZ-FIMCP D-30582 OCT.28.03.- MHP.
650 _aAUTOMATISMOS ELECTRICOS
650 _aESQUEMAS NEUMATICOS
650 _aFISICA APLICADA
650 _aHIDRAULICA
650 _aMANOMETROS
942 _c01
010 _a55247
999 _c224245
_d224245